| 000 | 00973nam a2200241 4500 | ||
|---|---|---|---|
| 001 | 6091 | ||
| 010 | _a9789895422708 | ||
| 021 | _b446633/18 | ||
| 090 | _a6091 | ||
| 100 | _a20251022d2018 a y0pory5003 ba | ||
| 200 | 1 |
_aMel na boca _ftexto e il. André Neves _gadapt. Pedro Seromenho |
|
| 210 |
_aBraga _cPaleta de Letras _d2018 |
||
| 215 |
_a[37] p. _cil. col. |
||
| 330 | _aA casa de um avô é como o assobio de uma melodia nas férias. Até porque não há lugar mais tranquilo do que uma vila. O Tino pode andar descalço e cantar todas as músicas que o avô lhe vai ensinando. Andar de bicicleta pode ser fantástico, mas sentirmo-nos amados ainda é melhor | ||
| 606 |
_914 _aLiteratura infantil |
||
| 606 |
_915 _aLiteratura Portuguesa |
||
| 675 |
_a82-93 _vBN _zpor |
||
| 675 |
_a821.134.3 _vBN _zpor |
||
| 700 |
_aNeves _bAndré _f1973- _95728 |
||
| 702 |
_aSeromenho _bPedro _f1975- _94068 |
||
| 801 | 0 |
_aPT _bBEN2VN _gRPC |
|
| 830 |
_cTânia Croca _d22/10/2025 |
||
| 990 | _cLIVROS | ||